000 00737nam a2200253Ia 4500
003 OSt
005 20220927110710.0
006 a|||||r|||| 00| 0
007 ta
008 220926b |||||||| |||| 00| 0 eng d
024 _a130516
037 _cReports
040 _aRTL
_cRTL
_beng
041 _2eng
_aeng
082 _a"X93.3.N52t, J2/GD"
110 _a"GREAT BRITAIN, NATIONALISED INDUSTRIES (Select Committee on-)"
_9379816
245 0 _aReport
260 _c1952
300 _a118p.
_ccm.
650 _aConstitution Great Britain
700 _a"GREAT BRITAIN, NATIONALISED INDUSTRIES (Select Committee on-)"
_9379817
942 _h"X93.3.N52t, J2/GD"
_cCC
999 _c697651
_d697651